000 00732nam a2200253Ia 4500
003 OSt
005 20220927105603.0
006 a|||||r|||| 00| 0
007 ta
008 220926b |||||||| |||| 00| 0 eng d
020 _a0821357107
024 _a191862
037 _cReference Collections
040 _aRTL
_cRTL
_beng
041 _2eng
_aeng
082 _a"X9:77: (G:55), UN"
110 _aWORLD BANK
245 0 _aExtractive Industries and sustainable development
_b An evaluation of World Bank group experience
260 _aWashington
_bWorld Bank
_c2005
300 _a"xiv, 236p"
_ccm.
700 _aWORLD BANK
942 _h"X9:77: (G:55), UN"
_cCC
999 _c693324
_d693324